Komunikasi kepimpinan dalam organisasi dari perspektif Islam 2 Mac 1988

Bibliographic Details
Main Author: Mohd Yusuf Hussain
Corporate Author: Institut Penilaian Negara
Format: Book
Published: Bangi : Institut Penilaian Negara , 1988
Subjects:

MARC

LEADER 00000cam a2200000 7i4500
001 0000024033
005 20111221.0
008 111221
040 |a INS 
090 0 0 |a VCD 330 
100 0 |a Mohd Yusuf Hussain 
245 0 0 |a Komunikasi kepimpinan dalam organisasi dari perspektif Islam   |c oleh Prof. Madya Dr. Mohd Yusuf Hussain [  |h cakera video] :   |b 2 Mac 1988 
260 |a Bangi :   |b Institut Penilaian Negara ,   |c 1988 
300 |a 3 cakera video (183 min.) :   |b by., wrn. ;   |c 4 3/4 in. 
500 |a Juga terdapat dalam format vhs : VHS 0111 
650 0 |a Communication 
710 1 |a Institut Penilaian Negara 
999 |a VCD0000330   |b VIDEO CD   |c Media Collection   |e Default branch 
999 |a VCD0000331   |b VIDEO CD   |c Media Collection   |e Default branch 
999 |a VCD0000332   |b VIDEO CD   |c Media Collection   |e Default branch